ACSM's guidelines for exercise testing and prescription / (Record no. 9915)
[ view plain ]
| 000 -LEADER | |
|---|---|
| fixed length control field | 01630nam a22002417a 4500 |
| 005 - ΗΜΕΡΟΜΗΝΙΑ ΚΑΙ ΩΡΑ ΤΕΛΕΥΤΑΙΑΣ ΕΝΗΜΕΡΩΣΗΣ | |
| Πεδίο ελέγχου | 20250902125710.0 |
| 006 - FIXED-LENGTH DATA ELEMENTS--ADDITIONAL MATERIAL CHARACTERISTICS | |
| Πεδίο ελέγχου σταθερού μήκους | a|||||r||||||||||| |
| 008 - FIXED-LENGTH DATA ELEMENTS--GENERAL INFORMATION | |
| Πεδίο ελέγχου σταθερού μήκους | s2014 paua b 001 0 eng | |
| 020 ## - ISBN | |
| ISBN | 9781609139551 |
| 040 ## - ΠΗΓΗ ΚΑΤΑΛΟΓΟΓΡΑΦΗΣΗΣ | |
| Φορέας πρωτότυπης καταλογογράφησης | MC Athens Campus Library |
| Modifying agency | MC Athens Campus Library |
| Γλώσσα καταλογογράφησης | Ελληνικά, Μοντέρνα (1453-) |
| Κανόνες περιγραφικής καταλογογράφησης | AACR2 |
| 245 00 - ΤΙΤΛΟΣ ΚΑΙ ΔΗΛΩΣΗ ΥΠΕΥΘΥΝΟΤΗΤΑΣ | |
| Τίτλος | ACSM's guidelines for exercise testing and prescription / |
| Statement of responsibility, etc. | American College of Sports Medicine ; senior editor, Linda S. Pescatello ; associate editors, Ross Arena, Deborah Riebe, Paul D. Thompson. |
| 246 1# - VARYING FORM OF TITLE | |
| Title proper/short title | Guidelines for exercise testing and prescription |
| 250 ## - EDITION STATEMENT | |
| Edition statement | 9th ed. |
| 260 ## - PUBLICATION, DISTRIBUTION, ETC. | |
| Place of publication, distribution, etc. | Philadelphia : |
| Name of publisher, distributor, etc. | Wolters Kluwer/Lippincott Williams & Wilkins Health, |
| Date of publication, distribution, etc. | c2014. |
| 300 ## - PHYSICAL DESCRIPTION | |
| Extent | xxiv, 456 p. : |
| Other physical details | col. ill. ; |
| Διαστάσεις | 21 cm. |
| 504 ## - ΣΗΜΕΙΩΣΗ ΒΙΒΛΙΟΓΡΑΦΙΑΣ κλπ. | |
| Σημείωση βιβλιογραφίας, κλπ. | Includes bibliographical references and index. |
| 505 0# - FORMATTED CONTENTS NOTE | |
| Formatted contents note | Benefits and risks associated with physical activity -- Preparticipation health screening -- Preexercise evaluation -- Health-related physical fitness testing and interpretation -- Clinical exercise testing -- Interpretation of clinical exercise test results -- General principles of exercise prescription -- Exercise prescription for healthy populations with special considerations and environmental considerations -- Exercise prescription for patients with cardiovascular and cerebrovascular disease -- Exercise prescription for populations with other chronic diseases and health conditions -- Behavioral theories and strategies for promoting exercise. |
| 650 10 - SUBJECT ADDED ENTRY--TOPICAL TERM | |
| Topical term or geographic name entry element | Health & Sport |
| 9 (RLIN) | 10066 |
| 650 20 - SUBJECT ADDED ENTRY--TOPICAL TERM | |
| Topical term or geographic name entry element | Exercise Test |
| Form subdivision | Guideline. |
| General subdivision | standards |
| 9 (RLIN) | 10067 |
| 710 ## - ΠΡΟΣΘΕΤΗ ΑΝΑΓΡΑΦΗ--ΣΥΛΛΟΓΙΚΟ ΟΡΓΑΝΟ | |
| Corporate name or jurisdiction name as entry element | American College of Sports Medicine |
| 9 (RLIN) | 10068 |
| 942 ## - ADDED ENTRY ELEMENTS (KOHA) | |
| Koha item type | Books |
| Τύπος τεκμηρίου | Βιβλιοθήκη | Τρέχουσα τοποθεσία | Barcode | Αριθμός εισαγωγής | Ημερομηνία απόκτησης | Ταξιθετικό σύμβολο | Αριθμός αντιτύπου | Κατάσταση απόσυρσης | Κατάσταση χαμένου | Κατάσταση κατεστραμμένου | Μη δανεισμός | Σύνολο δανεισμών | Ημερομηνία τελευταίας εμφάνισης | Η τιμή ισχύει από |
|---|---|---|---|---|---|---|---|---|---|---|---|---|---|---|
| Books | MC Athens Campus Library | MC Athens Campus Library | 9780000098863 | 8089 | 02/09/2025 | 615.8/2 ACS | 1 | 02/09/2025 | 02/09/2025 |